| 000 | 00615cam9a220021700 4500 | ||
|---|---|---|---|
| 001 | qcf00146210 | ||
| 005 | 20190816090056.0 | ||
| 008 | 730629s1962 fr 000 0 fre | ||
| 010 | _a 67105030 | ||
| 035 | _a(Sirsi) r123869 | ||
| 035 | _a(QCAT)lss00440704 | ||
| 035 | _a(UPRA)qcf00146210 | ||
| 040 | _dUPRA | ||
| 050 | 0 |
_aPQ2601.Y5 _bM35 |
|
| 100 | 1 |
_aAyme, Marcel, 1902-1967. _dAyme, Marcel, 1902-1967. _6A44263.1 |
|
| 245 | 1 | 4 |
_aLes maxibules / _cMarcel Ayme. |
| 260 |
_a[Paris] : _bGallimard, _cc1962. |
||
| 500 | _aA play. | ||
| 949 |
_aPQ2601.Y5 _wlcc _i-178064 _mMAIN _tBOOK _lON-SHELF |
||
| 004 | 123869 | ||
| 999 |
_c81000 _d81000 |
||